[Event "Guillermo Garcia Memorial op"]
[Site "Santa Clara"]
[Date "2022.04.30"]
[Round "1"]
[White "Mora Munoz, Alejandro"]
[Black "Gomez Sanchez, Jorge Marcos"]
[Result "0-1"]
[WhiteElo "2011"]
[BlackElo "2331"]
[PlyCount "87"]
[EventDate "2022.04.30"]
[EventType "swiss"]
[EventRounds "9"]
[EventCountry "CUB"]
[SourceTitle "CBM 208 Extra"]
[Source "ChessBase"]
[SourceDate "2022.07.31"]
[SourceVersion "1"]
[SourceVersionDate "2022.07.31"]
[SourceQuality "1"]

1. e4 c5 2. Nf3 e6 3. d4 cxd4 4. Nxd4 Qb6 5. Nb3 Qc7 6. a3 Nf6 7. Nc3 a6 8. Be2 b5 9. 0-0 Bb7 10. Bf3 Nc6 11. Re1 Ne5 12. Bf4 d6 13. Be2 Be7 14. Nd4 0-0 15. Bf1 Rac8 16. Bg3 Qb6 17. f4 Neg4 18. Kh1 Nh5 19. Qxg4 Nxg3+ 20. Qxg3 Qxd4 21. Rad1 Qc5 22. Bd3 b4 23. axb4 Qxb4 24. Rb1 Rfd8 25. Qh3 h6 26. Qg3 Bf6 27. Nd1 e5 28. Nc3 exf4 29. Qxf4 Rc5 30. Qe3 Re8 31. Qe2 d5 32. Qf1 dxe4 33. Bxa6 Bc6 34. Be2 Bxc3 35. bxc3 Qxc3 36. Ra1 Re6 37. Qf4 Rf6 38. Qg4 Kh7 39. Rf1 Rg5 40. Qh4 e3 41. Bd3+ g6 42. Be4 e2 43. Rfb1 Qxa1 44. Rxa1 0-1

[Event "FIDE World Uni Rapid-B 1st"]
[Site "Tornelo INT"]
[Date "2021.03.21"]
[Round "8"]
[White "Owen, Michael1111"]
[Black "Gomez Sanchez, Jorge Marcos"]
[Result "0-1"]
[WhiteElo "1991"]
[BlackElo "2352"]
[PlyCount "84"]
[EventDate "2021.03.20"]
[EventType "swiss (rapid)"]
[EventRounds "12"]
[EventCountry "NET"]
[SourceTitle "CBM 201 Extra"]
[Source "ChessBase"]
[SourceDate "2021.05.31"]
[SourceVersion "1"]
[SourceVersionDate "2021.05.31"]
[SourceQuality "1"]

1. e4 c5 2. Nf3 Nc6 3. Bb5 g6 4. 0-0 Bg7 5. c3 Nf6 6. d3 0-0 7. Bxc6 dxc6 8. h3 b6 9. Qe2 Qc7 10. e5 Ne8 11. Bf4 Bf5 12. Na3 Rd8 13. Rad1 Qc8 14. Bg5 f6 15. exf6 exf6 16. Bf4 Nc7 17. Nh4 Rfe8 18. Qf3 Nd5 19. Bg3 Be6 20. Rfe1 g5 21. Rxe6 Qxe6 22. Nf5 Nf4 23. Nxg7 Ne2+ 24. Kh2 Kxg7 25. Re1 Nd4 26. cxd4 Qxe1 27. dxc5 bxc5 28. Qxc6 Rxd3 29. Nc2 Qe6 30. Qc7+ Qe7 31. Qc6 h5 32. h4 gxh4 33. Bf4 Qe4 34. Qc7+ Re7 35. Qb8 Rb7 36. f3 Rxf3 37. Bh6+ Kxh6 38. Qh8+ Rh7 39. Qf8+ Rg7 40. gxf3 Qxc2+ 41. Kh3 Qg2+ 42. Kxh4 Qg3# 0-1

[Event "FIDE World Uni Rapid-B 1st"]
[Site "Tornelo INT"]
[Date "2021.03.20"]
[Round "3"]
[White "Gomez Sanchez, Jorge Marcos"]
[Black "Mendez Cordoba, Yesua Leonel"]
[Result "1-0"]
[WhiteElo "2352"]
[BlackElo "1571"]
[PlyCount "61"]
[EventDate "2021.03.20"]
[EventType "swiss (rapid)"]
[EventRounds "12"]
[EventCountry "NET"]
[SourceTitle "CBM 201 Extra"]
[Source "ChessBase"]
[SourceDate "2021.05.31"]
[SourceVersion "1"]
[SourceVersionDate "2021.05.31"]
[SourceQuality "1"]

1. Nf3 e6 2. g3 d5 3. Bg2 Nf6 4. 0-0 Be7 5. b3 0-0 6. Bb2 c6 7. c4 Nbd7 8. d3 a5 9. Nc3 Nb6 10. Qc2 d4 11. Nxd4 Qxd4 12. Nd5 Qc5 13. d4 Qd6 14. Nxb6 Ra6 15. c5 Qd8 16. e4 Nd7 17. Nc4 b5 18. cxb6 Nxb6 19. Ne5 Bb7 20. Nxc6 Qc7 21. Nxe7+ Qxe7 22. Rfc1 a4 23. Qc5 Qxc5 24. dxc5 a3 25. Bd4 Na8 26. Bf1 Rc6 27. Bb5 Rcc8 28. c6 Bxc6 29. Bxc6 Rfd8 30. Be3 Nc7 31. Bb7 1-0

[Event "FIDE World Uni Blitz-D 1st"]
[Site "Tornelo INT"]
[Date "2021.03.13"]
[Round "5.47"]
[White "Espinoza Briones, Aldo Ivan"]
[Black "Gomez Sanchez, Jorge Marcos"]
[Result "0-1"]
[WhiteElo "1535"]
[BlackElo "2352"]
[PlyCount "64"]
[EventDate "2021.03.13"]
[EventType "swiss (blitz)"]
[EventRounds "10"]
[EventCountry "NET"]
[SourceTitle "EXT 2022"]
[Source "ChessBase"]
[SourceDate "2021.10.06"]
[SourceVersion "1"]
[SourceVersionDate "2021.10.06"]
[SourceQuality "1"]

1. d4 d5 2. c4 e6 3. Nc3 c5 4. Nf3 Nc6 5. e3 Nf6 6. cxd5 exd5 7. Be2 c4 8. 0-0 Bb4 9. Bd2 0-0 10. a3 Ba5 11. Qc2 g6 12. Nh4 Re8 13. g3 Bh3 14. Rfe1 Bxc3 15. Bxc3 b5 16. Bf3 a5 17. Ng2 b4 18. axb4 axb4 19. Bd2 Bf5 20. Qc1 Ne4 21. Bxe4 Bxe4 22. Rxa8 Qxa8 23. Qa1 Qc8 24. Qa4 g5 25. Rf1 Bd3 26. Re1 Be4 27. Rf1 Bd3 28. Re1 h5 29. f3 Re6 30. Kf2 Rf6 31. f4 Qg4 32. Qa8+ Kg7 0-1

[Event "FIDE World Uni Blitz-D 1st"]
[Site "Tornelo INT"]
[Date "2021.03.13"]
[Round "9.22"]
[White "Gomez Sanchez, Jorge Marcos"]
[Black "Jain, Gautam"]
[Result "1-0"]
[WhiteElo "2352"]
[BlackElo "1900"]
[PlyCount "109"]
[EventDate "2021.03.13"]
[EventType "swiss (blitz)"]
[EventRounds "10"]
[EventCountry "NET"]
[SourceTitle "EXT 2022"]
[Source "ChessBase"]
[SourceDate "2021.10.06"]
[SourceVersion "1"]
[SourceVersionDate "2021.10.06"]
[SourceQuality "1"]

1. e4 e5 2. Nf3 Nc6 3. Bc4 Nf6 4. d4 exd4 5. e5 d5 6. Bb5 Ne4 7. Nxd4 Bd7 8. Bxc6 bxc6 9. 0-0 c5 10. Ne2 Bc6 11. c3 f6 12. f3 Ng5 13. exf6 Qxf6 14. Qd3 Bd6 15. f4 Ne4 16. Nd2 Nxd2 17. Bxd2 0-0 18. Rae1 Rab8 19. b3 Kh8 20. Rf3 c4 21. Qd4 cxb3 22. axb3 Rxb3 23. Qxa7 Re8 24. Qd4 Qxd4+ 25. Nxd4 Rxe1+ 26. Bxe1 Bc5 27. Rd3 Bb5 28. Rd1 Bxd4+ 29. cxd4 Rd3 30. Rc1 c6 31. Bf2 Kg8 32. Ra1 Rb3 33. h3 Kf7 34. Ra7+ Kg6 35. Kh2 h5 36. Re7 Rb2 37. Kg3 Re2 38. Be3 Kh6 39. Re6+ Kh7 40. f5 Ra2 41. Re7 Kg8 42. Bf4 Kf8 43. Rc7 Kg8 44. Be5 g6 45. Rg7+ Kf8 46. fxg6 Ra3+ 47. Kh4 Re3 48. Rf7+ Kg8 49. Kxh5 Be2+ 50. g4 c5 51. Kg5 cxd4 52. Bxd4 Rxh3 53. Be5 Re3 54. Re7 d4 55. Re8# 1-0

[Event "FIDE World Uni Blitz-D 1st"]
[Site "Tornelo INT"]
[Date "2021.03.13"]
[Round "1.12"]
[White "Rutvik, Moharil"]
[Black "Gomez Sanchez, Jorge Marcos"]
[Result "1-0"]
[WhiteElo "1610"]
[BlackElo "2352"]
[PlyCount "85"]
[EventDate "2021.03.13"]
[EventType "swiss (blitz)"]
[EventRounds "10"]
[EventCountry "NET"]
[SourceTitle "EXT 2022"]
[Source "ChessBase"]
[SourceDate "2021.10.06"]
[SourceVersion "1"]
[SourceVersionDate "2021.10.06"]
[SourceQuality "1"]

1. e4 c5 2. Nf3 Nc6 3. d4 cxd4 4. Nxd4 g6 5. c4 Nf6 6. Nc3 d6 7. Be2 Nxd4 8. Qxd4 Bg7 9. 0-0 0-0 10. Be3 Ng4 11. Qd3 Nxe3 12. Qxe3 Be6 13. Rac1 Qa5 14. Rfd1 Rac8 15. a3 Rfe8 16. Nd5 Bxd5 17. exd5 Bxb2 18. Rb1 Qxa3 19. Qxa3 Bxa3 20. Rxb7 Bc5 21. Rdb1 Kg7 22. Bg4 Ra8 23. Bd7 Red8 24. Bc6 Kf6 25. R7b3 Rac8 26. Rb7 Bb6 27. Kf1 Rc7 28. Rxc7 Bxc7 29. Ke2 Bb6 30. f3 e6 31. Kd3 exd5 32. cxd5 Rc8 33. Rb4 Rc7 34. Rf4+ Kg7 35. Re4 a5 36. Kc4 Bc5 37. Kb5 Ra7 38. Ka4 Bb4 39. Re8 Rc7 40. Rb8 Kf6 41. Re8 Re7 42. Rh8 h5 43. Re8 1-0

[Event "FISU World University"]
[Site "Tornelo INT"]
[Date "2020.10.28"]
[Round "9.10"]
[White "Gomez Sanchez, Jorge Marcos"]
[Black "Livaic, Leon"]
[Result "1/2-1/2"]
[WhiteElo "2352"]
[BlackElo "2507"]
[PlyCount "124"]
[EventDate "2020.10.26"]
[EventType "team-swiss (rapid)"]
[EventRounds "9"]
[EventCountry "NET"]
[SourceTitle "CBM 199 Extra"]
[Source "ChessBase"]
[SourceDate "2021.01.31"]
[SourceVersion "1"]
[SourceVersionDate "2021.01.31"]
[SourceQuality "1"]
[WhiteTeam "Cuba II"]
[BlackTeam "Croatia"]
[WhiteTeamCountry "CUB"]
[BlackTeamCountry "CRO"]

1. e4 e6 2. d4 d5 3. Nd2 c5 4. exd5 Qxd5 5. Ngf3 cxd4 6. Bc4 Qd7 7. 0-0 Nc6 8. Nb3 a6 9. Nbxd4 Nxd4 10. Nxd4 Qc7 11. Qe2 Bd6 12. h3 Ne7 13. Bb3 0-0 14. Be3 Bd7 15. Rad1 Ng6 16. Rd2 Rad8 17. Rfd1 Bh2+ 18. Kh1 Bf4 19. Bxf4 Nxf4 20. Qc4 Qxc4 21. Bxc4 Rc8 22. Bb3 Rc7 23. Ne2 Nd5 24. Bxd5 exd5 25. Nf4 Be6 26. c3 Rd8 27. Nxd5 Rcd7 28. Ne7+ Kf8 29. Rxd7 Rxd7 30. Rxd7 Bxd7 31. Nd5 Be6 32. Nb4 a5 33. Nd3 Bxa2 34. Kg1 Ke7 35. f3 Kd6 36. Kf2 Kd5 37. Ke3 Bc4 38. Ne1 Bf1 39. b3 Kc5 40. Kf2 Ba6 41. Nc2 Bd3 42. Ne1 Bf5 43. Ke3 b5 44. g4 Bg6 45. f4 Bb1 46. Kd2 a4 47. Kc1 Be4 48. Kb2 f6 49. h4 h6 50. g5 h5 51. gxf6 gxf6 52. Nc2 Bd5 53. b4+ Kd6 54. Ne3 Be6 55. Ka3 Kc6 56. Kb2 Kd6 57. Ka3 Kc6 58. Kb2 Kd6 59. Ka3 Kc6 60. Kb2 Kd6 61. Ka3 Kc6 62. Kb2 Kd6 1/2-1/2

[Event "FISU World University"]
[Site "Tornelo INT"]
[Date "2020.10.27"]
[Round "6.21"]
[White "Cadilhac, Igor Tokuichi Kikuc"]
[Black "Gomez Sanchez, Jorge Marcos"]
[Result "0-1"]
[WhiteElo "2323"]
[BlackElo "2352"]
[PlyCount "78"]
[EventDate "2020.10.26"]
[EventType "team-swiss (rapid)"]
[EventRounds "9"]
[EventCountry "NET"]
[SourceTitle "CBM 199 Extra"]
[Source "ChessBase"]
[SourceDate "2021.01.31"]
[SourceVersion "1"]
[SourceVersionDate "2021.01.31"]
[SourceQuality "1"]
[WhiteTeam "Brazil"]
[BlackTeam "Cuba II"]
[WhiteTeamCountry "BRA"]
[BlackTeamCountry "CUB"]

1. e4 c5 2. Nf3 e6 3. Nc3 Nc6 4. d4 cxd4 5. Nxd4 Qc7 6. f4 a6 7. Nxc6 bxc6 8. Bd3 Bc5 9. Qg4 g6 10. e5 d5 11. Bd2 Rb8 12. Qe2 a5 13. Na4 Ba7 14. b3 Ne7 15. 0-0-0 c5 16. Bb5+ Kf8 17. c4 Nf5 18. Qe1 Nd4 19. Bxa5 Qb7 20. Rxd4 cxd4 21. Bb4+ Kg7 22. Bd6 dxc4 23. Bxb8 Bxb8 24. Bxc4 Qxg2 25. Kb1 Bb7 26. Rg1 Qxh2 27. Nc5 Bc6 28. Nd3 Rc8 29. Rf1 Bd5 30. Rf2 Qg3 31. Ba6 Rc6 32. Bb5 Rb6 33. Qa5 Bc7 34. Rd2 Qe3 35. Kc1 Rc6+ 36. Bxc6 Bxa5 37. b4 Bxc6 38. bxa5 Bb5 39. Nc5 Qa3+ 0-1

[Event "Guillermo Garcia Memorial op 27th"]
[Site "Santa Clara"]
[Date "2018.05.29"]
[Round "7"]
[White "Gomez Sanchez, Jorge Marcos"]
[Black "Martinez Ramirez, Lennis"]
[Result "0-1"]
[WhiteElo "2397"]
[BlackElo "2393"]
[PlyCount "68"]
[EventDate "2018.05.22"]
[EventType "swiss"]
[EventRounds "9"]
[EventCountry "CUB"]
[SourceTitle "CBM 184 Extra"]
[Source "ChessBase"]
[SourceDate "2018.06.28"]
[SourceVersion "1"]
[SourceVersionDate "2018.06.28"]
[SourceQuality "1"]

1. Nf3 d5 2. d4 Nf6 3. g3 c6 4. Bg2 Bg4 5. c4 Bxf3 6. Bxf3 dxc4 7. Na3 e5 8. dxe5 Bb4+ 9. Bd2 Bxa3 10. bxa3 Nd5 11. Qc2 Nd7 12. Rb1 Nxe5 13. Rxb7 Qc8 14. Rb1 c3 15. Be3 Nxf3+ 16. exf3 Qe6 17. 0-0 Nxe3 18. fxe3 Qxe3+ 19. Qf2 Qxf2+ 20. Rxf2 0-0-0 21. Re2 Rd2 22. Kf1 Rhd8 23. Rc1 R8d3 24. f4 Kd7 25. Ke1 h5 26. Rf2 Re3+ 27. Kf1 Kd6 28. Rxd2+ cxd2 29. Rd1 Re1+ 30. Rxe1 dxe1Q+ 31. Kxe1 Kd5 32. Ke2 Kd4 33. Kd2 f5 34. Kc2 Ke3 0-1

[Event "Guillermo Garcia Memorial op 27th"]
[Site "Santa Clara"]
[Date "2018.05.28"]
[Round "6"]
[White "Berdayes Ason, Dylan Isidro"]
[Black "Gomez Sanchez, Jorge Marcos"]
[Result "1-0"]
[WhiteElo "2406"]
[BlackElo "2397"]
[PlyCount "89"]
[EventDate "2018.05.22"]
[EventType "swiss"]
[EventRounds "9"]
[EventCountry "CUB"]
[SourceTitle "CBM 184 Extra"]
[Source "ChessBase"]
[SourceDate "2018.06.28"]
[SourceVersion "1"]
[SourceVersionDate "2018.06.28"]
[SourceQuality "1"]

1. e4 c5 2. Nf3 Nc6 3. d4 cxd4 4. Nxd4 d5 5. exd5 Qxd5 6. Be3 Nf6 7. Nc3 Qa5 8. Nxc6 bxc6 9. Qf3 Nd5 10. Bd2 e6 11. Nxd5 Qxd5 12. Be2 Rb8 13. b3 Qxf3 14. Bxf3 Bd7 15. Be3 Bb4+ 16. Ke2 a5 17. Bd4 f6 18. a3 Bd6 19. Rhd1 Ke7 20. Bc3 Bc7 21. b4 a4 22. Bd4 Rhd8 23. Bc5+ Kf7 24. Rxd7+ Rxd7 25. Bxc6 Be5 26. Bxa4 Rc7 27. Ra2 Rbc8 28. Be3 Bd6 29. Bb3 Rb8 30. c4 Bxb4 31. axb4 Rxb4 32. Ra3 Rcb7 33. Ba2 g5 34. Kd3 Rb2 35. c5 R2b4 36. Ra6 Rd7+ 37. Kc3 Re4 38. Bb1 Re5 39. Kc4 f5 40. c6 Rc7 41. Bxg5 Re1 42. Bd3 Kg6 43. Bd8 Rc8 44. c7 Re5 45. Rb6 1-0

[Event "Capablanca Memorial op 53rd"]
[Site "Havana"]
[Date "2018.05.09"]
[Round "1"]
[White "Miranda Llanes, Yerisbel"]
[Black "Gomez Sanchez, Jorge Marcos"]
[Result "1/2-1/2"]
[WhiteElo "2270"]
[BlackElo "2397"]
[PlyCount "63"]
[EventDate "2018.05.09"]
[EventType "swiss"]
[EventRounds "10"]
[EventCountry "CUB"]
[SourceTitle "EXT 2019"]
[Source "ChessBase"]
[SourceDate "2018.10.10"]
[SourceVersion "1"]
[SourceVersionDate "2018.10.10"]
[SourceQuality "1"]

1. d4 Nf6 2. c4 c5 3. d5 d6 4. Nc3 g6 5. Nf3 Bg7 6. Bf4 Nh5 7. Bg5 h6 8. Bd2 0-0 9. e4 e5 10. dxe6 Bxe6 11. Be2 Nc6 12. 0-0 Nf6 13. Bf4 Nd4 14. Nxd4 cxd4 15. Qxd4 Nd5 16. Qd2 Nxf4 17. Qxf4 Bxc3 18. bxc3 Rc8 19. Rfd1 Bxc4 20. Bxc4 Rxc4 21. Rxd6 Qe7 22. f3 Rxc3 23. Rad1 Rc2 24. a4 Qg5 25. Qxg5 hxg5 26. Rd7 Ra2 27. Rc1 Rxa4 28. Rxb7 Ra2 29. Rcc7 Rd8 30. Rd7 Rc8 31. Rdc7 Rd8 32. Rd7 1/2-1/2

[Event "Remberto Fernandez Premier2 11th"]
[Site "Havana"]
[Date "2018.05.07"]
[Round "10"]
[White "Gonzalez Ochoa, Yoana"]
[Black "Gomez Sanchez, Jorge Marcos"]
[Result "0-1"]
[WhiteElo "2090"]
[BlackElo "2397"]
[PlyCount "84"]
[EventDate "2018.04.29"]
[EventType "tourn"]
[EventRounds "10"]
[EventCountry "CUB"]
[EventCategory "5"]
[SourceTitle "EXT 2021"]
[Source "ChessBase"]
[SourceDate "2020.10.23"]
[SourceVersion "1"]
[SourceVersionDate "2020.10.23"]
[SourceQuality "1"]

1. e4 c5 2. Nf3 e6 3. d4 cxd4 4. Nxd4 Qb6 5. Nb3 Qc7 6. Nc3 a6 7. Bd3 Nf6 8. 0-0 Nc6 9. Be3 b5 10. f4 d6 11. a3 Bb7 12. Qf3 Be7 13. Rad1 0-0 14. Qh3 b4 15. Ne2 Rfd8 16. Ng3 bxa3 17. bxa3 Bc8 18. Nh5 Nxh5 19. Qxh5 Bf6 20. e5 g6 21. Qf3 dxe5 22. Be4 Bb7 23. Nc5 Rac8 24. fxe5 Rxd1 25. Rxd1 Be7 26. Rd7 Nxe5 27. Rxc7 Nxf3+ 28. Bxf3 Rxc7 29. Nxb7 Bxa3 30. c4 Rxc4 31. Be2 Ra4 32. Kf2 Be7 33. Bd2 Ra2 34. Bc3 Rc2 35. Be1 Rb2 36. Na5 Bc5+ 37. Kf3 Rb1 38. Bg3 Bb4 39. Nc6 a5 40. Nxb4 Rxb4 41. Be5 a4 42. Ke3 a3 0-1

[Event "Remberto Fernandez Premier2 11th"]
[Site "Havana"]
[Date "2018.05.02"]
[Round "5"]
[White "Gomez Sanchez, Jorge Marcos"]
[Black "Gonzalez Ochoa, Yoana"]
[Result "1-0"]
[WhiteElo "2397"]
[BlackElo "2090"]
[PlyCount "93"]
[EventDate "2018.04.29"]
[EventType "tourn"]
[EventRounds "10"]
[EventCountry "CUB"]
[EventCategory "5"]
[SourceTitle "EXT 2021"]
[Source "ChessBase"]
[SourceDate "2020.10.23"]
[SourceVersion "1"]
[SourceVersionDate "2020.10.23"]
[SourceQuality "1"]

1. Nf3 Nf6 2. c4 c6 3. b3 d5 4. Bb2 Bf5 5. g3 e6 6. Bg2 Nbd7 7. d3 Bb4+ 8. Nbd2 0-0 9. 0-0 Re8 10. a3 Bf8 11. Re1 Bg6 12. Nh4 Qb6 13. Nxg6 hxg6 14. d4 e5 15. cxd5 cxd5 16. dxe5 Nxe5 17. Nf3 Nxf3+ 18. Bxf3 Bc5 19. e3 d4 20. Bxd4 Bxd4 21. Qxd4 Qxb3 22. Reb1 Qc2 23. Rxb7 Rad8 24. Qb2 Qf5 25. Bc6 Rf8 26. Rb5 Qh3 27. Bg2 Qg4 28. h3 Qe6 29. Rc1 Nd5 30. Qb3 Nb6 31. Qxe6 fxe6 32. Rc2 Rd1+ 33. Kh2 Ra1 34. Ra5 Rf7 35. Be4 g5 36. Bg6 Rf6 37. Bh5 e5 38. Rxa7 e4 39. Re7 Rxa3 40. Rxe4 Ra5 41. Kg2 Raf5 42. Bg4 Ra5 43. Re7 Kf8 44. Rb7 Ra8 45. e4 Re8 46. Rcc7 Rxe4 47. Rb8+ 1-0

[Event "Remberto Fernandez Premier2 11th"]
[Site "Havana"]
[Date "2018.05.01"]
[Round "3"]
[White "Gomez Sanchez, Jorge Marcos"]
[Black "Miranda Mesa, Elier"]
[Result "0-1"]
[WhiteElo "2397"]
[BlackElo "2438"]
[PlyCount "72"]
[EventDate "2018.04.29"]
[EventType "tourn"]
[EventRounds "10"]
[EventCountry "CUB"]
[EventCategory "5"]
[SourceTitle "EXT 2021"]
[Source "ChessBase"]
[SourceDate "2020.10.23"]
[SourceVersion "1"]
[SourceVersionDate "2020.10.23"]
[SourceQuality "1"]

1. e4 c5 2. Ne2 Nc6 3. d4 cxd4 4. Nxd4 Qb6 5. Nb3 Nf6 6. Nc3 e6 7. a3 a6 8. g3 d6 9. Bg2 Be7 10. 0-0 Ne5 11. Qe2 0-0 12. Kh1 Qc7 13. f4 Nc4 14. g4 Nd7 15. g5 Re8 16. Qh5 Bf8 17. f5 g6 18. Qh4 Nde5 19. Nd4 b5 20. Nce2 exf5 21. exf5 Bb7 22. Qh3 Rac8 23. Nf4 Nb6 24. b3 Bxg2+ 25. Nxg2 Bg7 26. Bb2 Qb7 27. Rad1 Nbd7 28. Ba1 Nc5 29. Rde1 Ne4 30. f6 Bf8 31. Nf3 Nxf3 32. Qxf3 d5 33. Ne3 Nd2 34. Qxd5 Qxd5+ 35. Nxd5 Nxf1 36. Rxf1 Rxc2 0-1

[Event "Wch U20 56th"]
[Site "Tarvisio"]
[Date "2017.11.16"]
[Round "4"]
[White "Gomez Sanchez, Jorge Marcos"]
[Black "Aravindh, Chithambaram VR"]
[Result "0-1"]
[WhiteElo "2426"]
[BlackElo "2572"]
[PlyCount "90"]
[EventDate "2017.11.13"]
[EventType "swiss"]
[EventRounds "11"]
[EventCountry "ITA"]
[SourceTitle "CBM 181 Extra"]
[Source "ChessBase"]
[SourceDate "2017.12.12"]
[SourceVersion "1"]
[SourceVersionDate "2017.12.12"]
[SourceQuality "1"]

1. e4 c5 2. Nf3 d6 3. Nc3 Nf6 4. e5 dxe5 5. Nxe5 a6 6. g3 Qc7 7. d4 e6 8. Bf4 Bd6 9. Bg2 0-0 10. 0-0 Nc6 11. Nxc6 Bxf4 12. gxf4 bxc6 13. dxc5 Qxf4 14. Qf3 Qc4 15. b3 Qxc5 16. Qxc6 Qxc6 17. Bxc6 Ra7 18. Ne4 Rc7 19. Nxf6+ gxf6 20. Be4 f5 21. Bd3 f4 22. f3 Kg7 23. Rae1 f5 24. Rf2 Kf6 25. Bc4 Rg8+ 26. Rg2 Rd8 27. Rge2 Rd6 28. Kf2 Rc5 29. Rg1 Rd8 30. h4 e5 31. h5 Bb7 32. Bd3 Rc7 33. h6 Re7 34. Rg7 Rxg7 35. hxg7 Rg8 36. Rd2 e4 37. fxe4 fxe4 38. Bxe4 Bxe4 39. Rd4 Ke5 40. Rd7 Bxc2 41. Ra7 Be4 42. b4 h5 43. Re7+ Kf5 44. Rf7+ Kg4 45. Re7 Bd5 0-1

[Event "Capablanca Memorial op 52nd"]
[Site "Matanzas"]
[Date "2017.05.28"]
[Round "2"]
[White "Morovic Fernandez, Ivan"]
[Black "Gomez Sanchez, Jorge Marcos"]
[Result "1-0"]
[WhiteElo "2535"]
[BlackElo "2430"]
[PlyCount "111"]
[EventDate "2017.05.27"]
[EventType "swiss"]
[EventRounds "10"]
[EventCountry "CUB"]
[SourceTitle "EXT 2018"]
[Source "ChessBase"]
[SourceDate "2017.10.13"]
[SourceVersion "1"]
[SourceVersionDate "2017.10.13"]
[SourceQuality "1"]

1. d4 Nf6 2. Nf3 c5 3. e3 g6 4. dxc5 Qa5+ 5. Nbd2 Bg7 6. a3 Qxc5 7. b4 Qc7 8. Bb2 0-0 9. c4 b6 10. Be2 Bb7 11. 0-0 d6 12. Rc1 Nbd7 13. Qb3 Rac8 14. Rfd1 Qb8 15. h3 Rc7 16. Rc2 Rfc8 17. Rdc1 Qa8 18. Bf1 Ne4 19. Bxg7 Kxg7 20. Nb1 Kg8 21. Qb2 Nef6 22. Nfd2 d5 23. Nc3 dxc4 24. Nb5 c3 25. Rxc3 Rxc3 26. Rxc3 Rxc3 27. Qxc3 a6 28. Nd4 Qc8 29. Qb2 Bd5 30. N4f3 b5 31. Ne1 Nb6 32. Nd3 Nc4 33. Qc3 Qf5 34. Nf4 Qe5 35. Qxe5 Nxe5 36. Nxd5 Nxd5 37. f4 Nd7 38. Kf2 f5 39. g4 e5 40. Bg2 e4 41. gxf5 gxf5 42. h4 Kf7 43. Bh3 Kf6 44. Nxe4+ fxe4 45. Bxd7 Nc3 46. Bc6 Kf5 47. Bd7+ Kf6 48. Ke1 Nb1 49. a4 Nc3 50. axb5 axb5 51. Kd2 Na2 52. Bxb5 Nxb4 53. Kc3 Nd5+ 54. Kd4 Nxf4 55. exf4 Kf5 56. Ke3 1-0